Capitales mondiales les plus proches de Koweït - Statistiques

Statistiques générales
  • Ce quiz a été pris 71 fois
  • Le résultat moyen est 14 sur 20
Statistiques - réponses
km capitale % Correct
534 Riyad
91%
772 Téhéran
91%
557 Bagdad
88%
1190 Jérusalem
86%
1809 Ankara
83%
576 Doha
83%
838 Abou Dabi
82%
1199 Damas
82%
1619 Le Caire
80%
1607 Sanaa
79%
1284 Beyrouth
76%
1189 Amman
73%
435 Manama
68%
1244 Erevan
67%
1241 Bakou
65%
1402 Tbilissi
65%
2044 Djibouti
48%
1515 Nicosie
47%
1353 Achgabat
32%
1818 Asmara
30%
Aucun quiz correspondant
Distribution des résultats
% des personnes avec chaque résultat
Percentile par nombre de réponses
Votre historique - résultats
Vous n’avez pas pris ce quiz